000 00374nam a2200145 i 4500
001 bg
100 1 _aDZIEŃ, Andrzej
245 0 _aChłopi-robotnicy w przedsiębiorstwie i gospodarstwie rolnym /
_cA. Dzień.
260 _aWarszawa,
_c1973.
040 _cBPK
041 _apol
080 _a62+63:331.057(438)
942 _cKS
008 s pl f |000 0 pol
999 _c21395
_d21395
856 _uhttp://koha.tu.koszalin.pl/cgi-bin/koha/opac-detail.pl?biblionumber=21395
_yKatalog online BPK